| 000 | 00710nam a2200217Ia 4500 | ||
|---|---|---|---|
| 005 | 20241129111039.0 | ||
| 008 | 241129s9999||||xx |||||||||||||| ||und|| | ||
| 020 | _a978-1-107-52109-4 | ||
| 037 | _aTB | ||
| 040 |
_aCRL _beng _cCRL |
||
| 041 |
_aeng _2eng |
||
| 084 |
_aO111,6N06:g R2 _qCRL |
||
| 100 |
_aChakraborty Thirthankar Ed.; Vazquez Juan Luis Toribio Ed. _9723256 |
||
| 245 | 0 |
_aSamuel Beckett as world literature _cChakraborty Thirthankar Ed.; Vazquez Juan Luis Toribio Ed. |
|
| 260 |
_aNew Delhi, USA _bBloomsbury Academic _c2022 |
||
| 300 | _axvii,219p. | ||
| 365 |
_aUKP _b28.99 |
||
| 650 |
_aEnglish Prose _9723257 |
||
| 942 |
_cTB _hO111,6N06:g R2 |
||
| 999 |
_c1228692 _d1228692 |
||